MARC

LEADER 00000nam0a2200000 4500
001 373912
005 20231102012616.0
010 |b 10000 экз. 
035 |a (RuTPU)RU\TPU\retro\31343 
035 |a RU\TPU\book\306766 
090 |a 373912 
100 |a 20221216d1956 m y0rusy50 ca 
101 0 |a rus 
102 |a RU 
105 |a ab z 000zy 
200 1 |a Единая энергетическая система СССР  |f Г. М. Кржижановский, В. И. Вейц  |g Академия наук СССР ; ред. А. В. Винтер 
210 |a Москва  |c Издательство Академии наук СССР  |d 1956 
215 |a 54 с., [1] вкл. карта  |c ил. 
225 1 |a Научно-популярная серия 
316 |5 63413507: М-133648  |a На обложке владельческая подпись: "Бутаков", на тит. л. дарственная надпись 
317 |5 63413507: М-133648  |a Поступила в НТБ в 1970 г. в составе книжного собрания профессора ТПИ И. Н. Бутакова 
606 1 |a Электроэнергетика  |2 stltpush  |3 (RuTPU)RU\TPU\subj\21036  |9 46086 
610 1 |a СССР 
610 1 |a Единая энергетическая система 
610 1 |a научно-популярная литература 
610 1 |a владельческая надпись 
610 1 |a дарственная надпись 
610 1 |a библиотека И. Н. Бутакова 
675 |a 621.31  |v 3 
700 1 |a Кржижановский  |b Г. М.  |c российский государственный деятель, учёный, академик АН СССР  |c специалист в области энергетики  |f 1872-1959  |g Глеб Максимилианович  |2 stltpush  |3 (RuTPU)RU\TPU\pers\11517  |9 2711 
701 1 |a Вейц  |b В. И. 
702 1 |a Винтер  |b А. В.  |c российский энергетик  |c академик АН СССР (1932)  |f 1878-1958  |g Александр Васильевич  |2 stltpush  |3 (RuTPU)RU\TPU\pers\15094  |4 340  |9 5183 
712 0 2 |a Академия наук СССР (АН СССР)  |2 stltpush  |3 (RuTPU)RU\TPU\col\722 
801 1 |a RU  |b 63413507  |c 20150203 
801 2 |a RU  |b 63413507  |c 20221216  |g RCR 
942 |c BK